[Event "Miercurea Ciuc Banc Post op 11th"]
[Site "Miercurea Ciuc"]
[Date "2008.08.20"]
[Round "4"]
[White "Costiuc, Ioan"]
[Black "Jakab, Tunde"]
[Result "1-0"]
[WhiteElo "1893"]
[BlackElo "1752"]
[PlyCount "149"]
[EventDate "2008.08.18"]
[EventType "swiss"]
[EventRounds "9"]
[EventCountry "ROU"]
[SourceTitle "CBM 125 Extra"]
[Source "ChessBase"]
[SourceDate "2008.09.01"]
[SourceVersion "1"]
[SourceVersionDate "2008.09.01"]
[SourceQuality "1"]

1. e4 e5 2. Nf3 Nc6 3. Bb5 a6 4. Ba4 Nf6 5. 0-0 b5 6. Bb3 Be7 7. Re1 d6 8. h3 Na5 9. d4 Nxb3 10. axb3 exd4 11. Nxd4 Bd7 12. Nc3 0-0 13. Bg5 h6 14. Bh4 b4 15. Bxf6 Bxf6 16. Nd5 Bg5 17. Nf3 Bf6 18. Nxf6+ Qxf6 19. e5 Qg6 20. Kh1 Bc6 21. exd6 cxd6 22. Re3 Rfd8 23. Qd2 Be4 24. Ne1 Rdc8 25. c4 Rc5 26. Rg3 Qf6 27. f3 Bc6 28. Nd3 Rh5 29. Nxb4 Bb7 30. Qc3 Qxc3 31. bxc3 Re5 32. f4 Re2 33. Ra2 Re1+ 34. Kh2 Rb1 35. Rd3 Rxb3 36. Nd5 Bxd5 37. cxd5 a5 38. Ra4 Ra6 39. Kg3 Kf8 40. Kf3 Ke7 41. Ke4 Ra7 42. Kd4 Rb2 43. g4 Rf2 44. Ke3 Rh2 45. Kd4 Rf2 46. Re3+ Kd7 47. Kd3 Ra8 48. f5 Rb2 49. Kd4 Rb3 50. Re2 Rb5 51. Rea2 Rc5 52. h4 Ra7 53. c4 Ra8 54. Rb2 Kc7 55. g5 hxg5 56. hxg5 Rh8 57. Re2 Kd7 58. f6 gxf6 59. gxf6 Re8 60. Raa2 Rxe2 61. Rxe2 Rc7 62. Kc3 Kc8 63. Re4 Kb7 64. Kb3 Ka6 65. Re7 Kb6 66. Re8 Kb7 67. Rd8 a4+ 68. Kb4 a3 69. Kxa3 Rxc4 70. Rd7+ Rc7 71. Rxd6 Kc8 72. Kb4 Rc1 73. Rc6+ Rxc6 74. dxc6 Kb8 75. Kb5 1-0

[Event "Miercurea Ciuc Banc Post op 10th"]
[Site "Miercurea Ciuc"]
[Date "2007.08.19"]
[Round "7"]
[White "Jakab, Tunde"]
[Black "Ciotlos, Nicolaie"]
[Result "1-0"]
[WhiteElo "1772"]
[BlackElo "401"]
[PlyCount "138"]
[EventDate "2007.08.19"]
[EventType "swiss"]
[EventRounds "9"]
[EventCountry "ROU"]
[SourceTitle "EXT 2010"]
[Source "ChessBase"]
[SourceDate "2010.11.25"]
[SourceVersion "1"]
[SourceVersionDate "2010.11.25"]
[SourceQuality "1"]

1. e4 e6 2. d4 d5 3. e5 c5 4. c3 Qb6 5. Nf3 Nc6 6. Bd3 Bd7 7. dxc5 Bxc5 8. 0-0 a5 9. b3 d4 10. cxd4 Nxd4 11. Bb2 Nxf3+ 12. Qxf3 Ne7 13. Nd2 Ng6 14. Nc4 Qc7 15. Nd6+ Bxd6 16. exd6 Qxd6 17. Bxg7 Rg8 18. Bxg6 Rxg7 19. Be4 Rb8 20. Bxb7 Qc7 21. Be4 f5 22. Qh5+ Kf8 23. Bd3 Bc6 24. f3 Qe5 25. Bc4 Rd8 26. Rae1 Qd4+ 27. Kh1 Qb2 28. Re2 Rd2 29. Rxd2 Qxd2 30. Rg1 Qe3 31. a4 Kg8 32. Rd1 Kf8 33. Qh3 Rd7 34. Rg1 Rd2 35. Qg3 Rd7 36. Qe1 Qxe1 37. Rxe1 Bd5 38. Rd1 Ke7 39. Bxd5 Rxd5 40. Rb1 Rd4 41. Kg1 Kd6 42. Kf1 Kd5 43. Ke2 f4 44. g3 e5 45. gxf4 exf4 46. Rd1 h6 47. Rxd4+ Kxd4 48. Kd2 Kc5 49. Kc3 Kd5 50. b4 axb4+ 51. Kxb4 Kd4 52. a5 Ke3 53. a6 Kxf3 54. a7 Kg2 55. a8Q+ f3 56. h4 Kg3 57. Qa3 Kg2 58. Qa8 Kg3 59. Qe4 f2 60. Qe3+ Kg2 61. Qe2 Kg1 62. Qg4+ Kh1 63. Qf3+ Kg1 64. Qg3+ Kf1 65. Kc3 Ke2 66. Qd3+ Ke1 67. Qe3+ Kf1 68. Qxh6 Ke1 69. Qe3+ Kf1 1-0

[Event "Miercurea Ciuc Banc Post op 10th"]
[Site "Miercurea Ciuc"]
[Date "2007.08.19"]
[Round "4"]
[White "Szakats, Stefan"]
[Black "Jakab, Tunde"]
[Result "1-0"]
[WhiteElo "1862"]
[BlackElo "1772"]
[PlyCount "71"]
[EventDate "2007.08.19"]
[EventType "swiss"]
[EventRounds "9"]
[EventCountry "ROU"]
[SourceTitle "EXT 2010"]
[Source "ChessBase"]
[SourceDate "2010.11.25"]
[SourceVersion "1"]
[SourceVersionDate "2010.11.25"]
[SourceQuality "1"]

1. e4 e5 2. Nf3 Nc6 3. Bb5 a6 4. Ba4 b5 5. Bb3 Na5 6. d3 Nxb3 7. axb3 d6 8. Nc3 Bb7 9. 0-0 Nf6 10. Ne2 Be7 11. Ng3 Bc8 12. h3 0-0 13. d4 exd4 14. Nxd4 Bd7 15. Re1 Re8 16. b4 h6 17. Bf4 d5 18. e5 Nh7 19. e6 fxe6 20. Nxe6 Bxe6 21. Rxe6 Rf8 22. Be3 Bxb4 23. Raxa6 Rxa6 24. Rxa6 Be7 25. Qg4 Nf6 26. Qe6+ Kh7 27. Nf5 Bd6 28. Nxd6 cxd6 29. Rxd6 Qc7 30. Rc6 Qa5 31. Bd4 Qa4 32. Qf5+ Kg8 33. Bxf6 gxf6 34. Qg6+ Kh8 35. Qxh6+ Kg8 36. Rc7 1-0